000 00277nam a22001337a 4500
008 170222b xxu||||| |||| 00| 0 eng d
020 _a0721624332
041 _aeng
080 _a616.31
100 _a5
101 _aSHS
245 _aORAL PATHOLOGY
_cREGEZI
942 _2udc
_cBK
999 _c6023
_d6023